000 00917cam a22002891 4500
001 29501
003 BD-RjUL
005 20211209051423.0
008 140403s1966 enk b 001 0 eng
035 _a(BD-RjUL)29586
035 _a(OCoLC)620108
040 _aDLC
_cOCanM
_dOCoLC
_dUk
_dDLC
_dBD-RjUL
_beng
041 _aeng
082 _a150.195
_bMIE 1966
100 1 _aMiles, T. R.
_q(Thomas Richard)
_989915
245 1 0 _aEliminating the unconscious :
_ba behaviourist view of psycho-analysis /
_cby T. R. Miles.
250 _a1st ed.
260 _aOxford ;
_aNew York :
_bPergamon Press,
_c1966.
300 _axviii, 171 p. ;
_c20 cm.
490 0 _aThe Commonwealth and international library. Psychology division,
_v2714
504 _aBibliography: p. 161-166.
504 _aIncludes index.
650 0 _aPsychoanalysis.
_989916
942 _2ddc
_cBK
999 _c29501
_d29501